=LDR 00000nam 2200000 4500 =001 INLIS000000000043821 =005 20200812103106 =035 ##$$a 0010-101300000001743 =008 200812################g##########0#ind## =041 ##$$a ind =082 ##$$a 2X8.159 8 =090 ##$$a 2X8.159 8, Ger g =245 ##$$a Gerakan salafi radikal di Indonesia, /$c Penyunting Jamhari, Jajang Jahroni =260 ##$$a Jakarta :$b Raja Grafindo Persada,$c 2004 =300 ##$$a xv, 252 hlm, ; $c 21 x 14 cm =650 #4$$a Salafi Indonesia =850 ##$$a NBPNMAT =020 ##$$a 979-421-902-9 =084 ##$$a 2X8.159 8 GER g =250 ##$$a cet.1 =700 #$$a Jamhari =700 #$$a Jajang Jahroni =504 ##$$a Bibliografi :hlm.239-244 =520 ##$$a Indeks :hlm.245-250 =520 ##$$a Biografi :hlm.251-252 =990 ##$$a 20611691 =990 ##$$a 20611689 =990 ##$$a 20611691 =990 ##$$a 20611689